000 00476ntaaa2200181 4500
003 01
005 20251027201030.0
008 0714s1973 ag 01
040 _aAR-BaBN
_bspa
_cAR-BaBN
_eaacr
_dRIC
082 _a152 B59n
100 _aBlanco, Alfredo B.
_97588
245 _aNuevos esquemas de psicologĂ­a elemental /
_cAlfredo B. Blanco
250 _a1 ed.
260 _aBuenos Aires :
_bArgen-Press,
_c1973
300 _a148 p.
650 _aPsicologĂ­a
_92648
942 _cBK
999 _c4444
_d4444